02108agaaa2200289 45000010005000000030009000050050017000140070009000310080040000400400023000800410013001031000052001161300026001682450190001942500022003842600147004063000034005535080149005875110090007365200710008265380016015365460013015526500066015657000057016317000064016887000066017526403IT-RoPAU20220918181241.0d cvaizq50131s9999||||xx ||| | || ||und|| aIT-RoPAUcIT-RoPAU aITALIANO aTornatore GiuseppegCodice regista SPICS: 32778 aNUOVO CINEMA PARADISO aNUOVO CINEMA PARADISOcProdotto da: Cristaldi Franco -- Sceneggiatura: Tornatore Giuseppe -- Diretto da: Tornatore GiuseppepNUOVO CINEMA PARADISO (Rif. Codice opera principale : H6403) aEdizione Standard aROMA - PARIGI (ITALIA - FRANCIA)bCRISTALDIFILM - FILMS ARIANE / Distribuzione: IL MESSAGGEROg"1989 (1° ed.: 2006 ; Ed. Lingua Orig.: 1989)" aDVDbsonoro, col.c118 minuti a"Fotografia: Giurato Blasco; Montaggio: Morra Mario; Musica: Morricone Ennio; Sceneggiatura: Tornatore Giuseppe; Scenografia: Crisanti Andrea; " a"Noiret Philippe; Cascio Salvatore; Perrin Jacques; Attili Antonella; Cannavale Enzo" aSALVATORE, REGISTA DI SUCCESSO, RITORNA NELLA SUA SICILIA PER IL FUNERALE DEL SUO CARO AMICO ALFREDO DOPO TRENT'ANNI DI LONTANANZA. LA MEMORIA LO RIPORTA AGLI ANNI DELLA SUA INFANZIA, IN CUI LA FIGURA CARISMATICA DI ALFREDO LO GUIDA FINO ALL'ADOLESCENZA, TRASMETTENDOGLI L'AMORE PER IL CINEMA. UNO SPACCATO DI STORIA E CULTURA VISTO DA UNA SALA CINEMATOGRAFICA, IN CUI IL MODO DI CONSUMARE IL CINEMA SI E' ORMAI PERDUTO: QUANDO I PRETI CENSURAVANO IBACI E LE SCENE PIU' O MENO EROTICHE E IL PUBBLICO RIDEVA E PIANGEVA CON IFILM DI TOTO' E JOHN FORD. IL SUSSEGUIRSI DOLCE-AMARO DEGLI EVENTI CREA UMORI E ATMOSFERE CHE SUSCITANO EMOZIONI PROFONDE. VINCITORE DEL PREMIO OSCARCOME MIGLIOR FILM STRANIERO 1989. aPAL, STEREO aITALIANO aDRAMMA - ROMANTICeDVD-FILM [DVD]xCodice MATERIA SPICS: 9947 aMorricone Ennioe(musica)gCodice Musica SPICS: 3535 aTornatore Giuseppe e(regista)gCodice regista SPICS: 32778 aTornatore Giuseppe e(soggetto)gCodice Soggetto SPICS: 32778